000 00482nam a2200181Ia 4500
005 20250326124523.0
008 250326s9999 xx 000 0 und d
037 _aTextbook
040 _aFMSL
_beng
_cFMSL
041 _aeng
_2eng
084 _aX:8 M21
_qFMSL
100 _aJangam R T
245 0 _aOrganisation and management
_cJangam R T
260 _aNew Delhi
_bNew Delhi, Sterling
_c1982
300 _a152p
942 _cTB
_hX:8 M21
999 _c1274039
_d1274039